Tạo và định dạng văn bản trong Word 2003

সংরক্ষণ করুন:
গ্রন্থ-পঞ্জীর বিবরন
প্রধান লেখক: Hồ Tấn Mẫn
বিন্যাস: গ্রন্থ
ভাষা:Undetermined
প্রকাশিত: Tp. HCM Thống Kê 2003
বিষয়গুলি:
ট্যাগগুলো: ট্যাগ যুক্ত করুন
কোনো ট্যাগ নেই, প্রথমজন হিসাবে ট্যাগ করুন!
Thư viện lưu trữ: Trung tâm Học liệu Trường Đại học Cần Thơ
LEADER 00515nam a2200181Ia 4500
001 CTU_58266
008 210402s9999 xx 000 0 und d
082 |a 005.3 
082 |b M121 
100 |a Hồ Tấn Mẫn 
245 0 |a Tạo và định dạng văn bản trong Word 2003 
245 0 |c Hồ Tấn Mẫn 
260 |a Tp. HCM 
260 |b Thống Kê 
260 |c 2003 
650 |a word ( computer programs ) 
904 |i Minh 
980 |a Trung tâm Học liệu Trường Đại học Cần Thơ